Η Κρήτη στις Αρχές και τα Τέλη του 20ου Αιώνα (Record no. 1973)
[ view plain ]
| 000 -LEADER | |
|---|---|
| fixed length control field | 02496cam a22002054a 4500 |
| 005 - ΗΜΕΡΟΜΗΝΙΑ ΚΑΙ ΩΡΑ ΤΕΛΕΥΤΑΙΑΣ ΕΝΗΜΕΡΩΣΗΣ | |
| Πεδίο ελέγχου | 20250605164025.0 |
| 008 - FIXED-LENGTH DATA ELEMENTS--GENERAL INFORMATION | |
| Πεδίο ελέγχου σταθερού μήκους | 250528s ||||||||||||||||||||||||d |
| 035 ## - SYSTEM CONTROL NUMBER | |
| System control number | 16478 |
| 020 ## - ISBN | |
| ISBN | 9608519683 |
| 040 ## - ΠΗΓΗ ΚΑΤΑΛΟΓΟΓΡΑΦΗΣΗΣ | |
| Φορέας πρωτότυπης καταλογογράφησης | MC Athens Campus Library |
| Γλώσσα καταλογογράφησης | Ελληνικά, Μοντέρνα (1453-) |
| Modifying agency | MC Athens Campus Library |
| Κανόνες περιγραφικής καταλογογράφησης | AACR2 |
| 245 1# - ΤΙΤΛΟΣ ΚΑΙ ΔΗΛΩΣΗ ΥΠΕΥΘΥΝΟΤΗΤΑΣ | |
| Τίτλος | Η Κρήτη στις Αρχές και τα Τέλη του 20ου Αιώνα |
| 260 ## - PUBLICATION, DISTRIBUTION, ETC. | |
| Date of publication, distribution, etc. | 1998 |
| 300 ## - PHYSICAL DESCRIPTION | |
| Extent | 434 |
| 505 0# - FORMATTED CONTENTS NOTE | |
| Formatted contents note | Η Επανάσταση 1895-1896, Η Επανάσταση 1897-1898, Οι Μάχες των Αρχανών, Τα Γεγονότα του Ακρωτηρίου, Οι Σφαγές του Ηρακλείου τον Αύγουστο του 1898, Περίοδος της Αυτονομίας - Κρητική Πολιτεία, Αρμοστεία του Πρίγκηπα Ζαϊμη, Εξισλαμισμοί στην Κρήτη, Οι Ξένες Δυνάμεις και ο Ρόλος τους στην Κρήτη, Η Κρητική Χωροφυλακή 1898-1908, η Κρητική Πολιτοφυλακή 1907-1913, Η Παιδεία στην Κρήτη, Εκκλησίες - Αρχαιότητε και Αρχαιολογικά Μουσεία, Εκκλησιαστική Οργάνωση, Υγεία - Κοινωνική Πρόνοια, Γεωργία, Κοινωνική και Οικονομική Ζωή, Αρχιτεκτονική Πόλεων και Χωριών της Κρήτης. |
| 520 ## - SUMMARY, ETC. | |
| Summary, etc. | Η Επανάσταση 1895-1896, Η Επανάσταση 1897-1898, Οι Μάχες των Αρχανών, Τα Γεγονότα του Ακρωτηρίου, Οι Σφαγές του Ηρακλείου τον Αύγουστο του 1898, Περίοδος της Αυτονομίας - Κρητική Πολιτεία, Αρμοστεία του Πρίγκηπα Ζαϊμη, Εξισλαμισμοί στην Κρήτη, Οι Ξένες Δυνάμεις και ο Ρόλος τους στην Κρήτη, Η Κρητική Χωροφυλακή 1898-1908, η Κρητική Πολιτοφυλακή 1907-1913, Η Παιδεία στην Κρήτη, Εκκλησίες - Αρχαιότητε και Αρχαιολογικά Μουσεία, Εκκλησιαστική Οργάνωση, Υγεία - Κοινωνική Πρόνοια, Γεωργία, Κοινωνική και Οικονομική Ζωή, Αρχιτεκτονική Πόλεων και Χωριών της Κρήτης. |
| 700 1# - ΠΡΟΣΘΕΤΗ ΑΝΑΓΡΑΦΗ--ΦΥΣΙΚΟ ΠΡΟΣΩΠΟ | |
| Personal name | Παναγιωτάκης Γιώργος |
| 9 (RLIN) | 2571 |
| 942 ## - ADDED ENTRY ELEMENTS (KOHA) | |
| Koha item type | Books |
| Τύπος τεκμηρίου | Βιβλιοθήκη | Τρέχουσα τοποθεσία | Barcode | Αριθμός εισαγωγής | Ημερομηνία απόκτησης | Ταξιθετικό σύμβολο | Αριθμός αντιτύπου | Κατάσταση απόσυρσης | Κατάσταση χαμένου | Κατάσταση κατεστραμμένου | Μη δανεισμός | Σύνολο δανεισμών | Ημερομηνία τελευταίας εμφάνισης | Η τιμή ισχύει από |
|---|---|---|---|---|---|---|---|---|---|---|---|---|---|---|
| Books | MC Athens Campus Library | MC Athens Campus Library | 9780000019721 | 4182 | 05/06/2025 | 949.59 PAN | 1 | 05/06/2025 | 05/06/2025 |